| 000 | 00408nam a2200121Ia 4500 | ||
|---|---|---|---|
| 008 | 220216s9999 xx 000 0 und d | ||
| 100 | _aSethuraj M R | ||
| 245 | 0 | _aSeasonal changes in the effectiveness of Ethrel, 2,4-D and NAA in the stimulation of latex flow in Hevea brasiliensis Muell Arg | |
| 260 |
_bIndian Journal of Plant Physiology _c1975 |
||
| 300 | _a163-168 | ||
| 700 | _aGeorge M J | ||
| 942 | _cJS | ||
| 999 |
_c68487 _d68487 |
||